000
00319nam a2200133Ia 4500
005
20251222155127.0
008
251222s9999||||xx |||||||||||||| ||spa||
082
_a
INV. 01.2/Ej.2
100
_a
POLIT/ HUNGLER.
245
0
_a
Investigación CientÃfica
250
_a
2da. ed.
264
_b
Interamericana
942
_c
LIB
999
_c
38649
_d
38649